01194 2200349 4500001002100000005001500021035002000036007000300056008004100059020002200100040002200122082001600144084001800160090002200178090002200200100004400222245014900266250003600415300004300451650002100494700004200515700005200557700004200609850001200651504003100663264003200694336002100726337003000747338002300777999002200800990002200822INLIS00000000085899620210421105051 a0010-0421000901ta210421s2020 yoia g ind d a978-623-02-2134-7 aYOPDYOGbinderda04223a381.142 a381.142 NIP u aDEP 381.142 NIP u aCB-D.11 2020-22200 aNi Putu Suci Meinarnid1985-ePengarang10aUMKM goes online :bregulasi e-commerce /cNi Putu Suci Meinarni, Ida Bagus Ary Indra Iswara, I Nyoman Saputra Wahyu Wijaya, Ayu Gede Willdahlia aCetakan pertama: Desember, 2020 aviii, 99 halaman :bilustrasi ;c23 cm 4aPemasaran online0 aIda Bagus Ary Indra IswaraePengarang0 aI Nyoman Saputra Wahyu Wijayad1989-ePengarang0 aAyu Gede Willdahliad1981-ePengarang aYOPDYOG aBibliografi: halaman 69-7531aSleman :bDeepublish,c2020 2rdacontentateks 2rdamediaatanpa perantara 2rdacarrieravolume aCB-D.11/2020-2220 aCB-D.11/2020-2220